UBT Library

CRC Standard Mathematical Tables and Formulae (Record no. 1358)

000 -LEADER
fixed length control field 00622nam a22001937a 4500
008 - FIXED-LENGTH DATA ELEMENTS--GENERAL INFORMATION
fixed length control field 151116b xxu||||| |||| 00| 0 eng d
020 ## - INTERNATIONAL STANDARD BOOK NUMBER
International Standard Book Number 0849324793
041 0# - LANGUAGE CODE
Language code of text/sound track or separate title eng
080 ## - UNIVERSAL DECIMAL CLASSIFICATION NUMBER
Universal Decimal Classification number 510.21
100 1# - Rafti
Rafti Zwillinger, Daniel
245 10 - TITLE STATEMENT
Title CRC Standard Mathematical Tables and Formulae
250 ## -
-- 30th ed.,Revised
260 ## -
-- Abingdon :
-- Florence :
-- CRC Press [Imprint]
-- Taylor & Francis Group
-- Taylor & Francis Group [Distributor]
-- Dec. 1995
300 ## -
-- 812 f.:
-- me il.;
-- 21 cm.
650 #0 -
-- Matematika
650 #0 -
-- Formulat
700 ## -
-- Salman, Salah D.
-- Author
942 ## - ADDED ENTRY ELEMENTS (KOHA)
Source of classification or shelving scheme
Item type Books
Holdings
Withdrawn status Lost status Source of classification or shelving scheme Damaged status Not for loan Collection code Permanent location Current location Shelving location Date acquired Total Checkouts Full call number Barcode Date last seen Koha item type
          Koleksioni i përgjithshem UBT - Lipjan UBT - Lipjan Koleksioni i përgjithshem 11/16/2015   510.21 STA 002-008772 11/16/2015 Books
UBT Library © 2015-2024. All rights reserved University Education for Business and Technology